Engineering metallurgy: metallurgical process technology, Part -1 - Applied physical metallurgy (Record no. 11813)

000 -LEADER
fixed length control field 00470nam a22001457a 4500
008 - FIXED-LENGTH DATA ELEMENTS--GENERAL INFORMATION
fixed length control field 210112b ||||| |||| 00| 0 eng d
082 00 - DEWEY DECIMAL CLASSIFICATION NUMBER
Classification number 669.05
Item number H6361
100 ## - MAIN ENTRY--PERSONAL NAME
9 (RLIN) 826
Personal name Higgins, Raymond A.
245 10 - TITLE STATEMENT
Title Engineering metallurgy: metallurgical process technology, Part -1 - Applied physical metallurgy
260 ## - PUBLICATION, DISTRIBUTION, ETC. (IMPRINT)
Place of publication, distribution, etc London
Name of publisher, distributor, etc English Universities Press
Date of publication, distribution, etc 1957
300 ## - PHYSICAL DESCRIPTION
Extent xii,467 p.
365 ## - TRADE PRICE
Unit of pricing 22.50
650 #0 - SUBJECT ADDED ENTRY--TOPICAL TERM
Topical term or geographic name as entry element Metallurgy
942 ## - ADDED ENTRY ELEMENTS (KOHA)
Item type Books
Holdings
Withdrawn status Lost status Source of classification or shelving scheme Damaged status Not for loan Permanent location Current location Date acquired Source of acquisition Full call number Barcode Date last seen Koha item type
          IMU Kolkata IMU Kolkata 1968-02-15 Eastern book mart 669.05 H6361 03158 2021-01-12 Books
          IMU Kolkata IMU Kolkata 1968-02-15 Eastern book mart 669.05 H6361 03159 2021-01-12 Books
Designed and Maintained by IMU-KC Library, Kolkata Campus © Copyright All Rights Reserved

webs counters

Powered by Koha